00946nam a22002417a 4500999001500000003000900015008004100024040007100065082001700136100001900153245006300172260004300235300002800278505015800306650002900464650001700493650002500510650002200535650002500557942001600582945000900598952009700607 c2625d2625AR-CdUCM190305b ||||| |||| 00| 0 spa d aMUNICIPALIDAD PROVINCIAL DEL CUSCOcBIBLIOTECA MUNICIPAL DEL CUSCO a859.9 /bP31 aPavese, Cesare aTrabajar cansa :bVendrá la muerte y tendrá tus ojos / aArgenrina :bEditorial Lautaro,c1961. a190 Páginas ;c20 cm. aContenido: Los mares de Sud (1931) -- Antepasados (1931) -- Paisaje I (1933) -- Gente desarraigada (1933) -- El dios-cabro (1933) -- Paisaje II (1933)... aPoesía Argentina91657 aPavese99240 aEl compañero99241 aProloguista99242 aVersos simples99243 2ddccLIBROS adavv 002ddc4070aSHbSHcCARTd2019-03-05g20.00o859.9 / P31pSH0000002915r2019-03-05yLIBROS